Score 0/7 Timer 05:00
0 Plays Today
Hint Answer % Correct
Region 2Canadian Shield
92.4%
Region 6Interior Plains
71.1%
Region 1Arctic Lowlands
49.3%
Region 5St. Lawrence Lowlands
45%
Region 3Hudson Bay Lowlands
43.6%
Region 4Appalachian Region
30.8%
Region 7Cordilleran Region
17.5%
Come Together.
Have Fun.
All Virtual.
We all need to come together. Play Sporcle's virtual live trivia to have fun, connect with people, and get your trivia on. Join a live hosted trivia game for your favorite pub trivia experience done virtually. If a virtual private party is more your thing, go here for details.

You're not logged in!

Compare scores with friends on all Sporcle quizzes.
OR
Log In

Sporcle TV

Today on Sporcle TV


Watch our educational content, quiz creation guides, and fun videos on Sporcle TV.

Show Comments

Extras

Created Jan 28, 2016ReportNominate
Tags:Canadian, region

Top Quizzes Today


Score Distribution

Paid Content

Your Account Isn't Verified!

In order to create a playlist on Sporcle, you need to verify the email address you used during registration. Go to your Sporcle Settings to finish the process.

Report this User

Report this user for behavior that violates our Community Guidelines.

Details: